| 000 | 00895nam0a22002651 4500 | ||
|---|---|---|---|
| 001 | rc\1007619 | ||
| 005 | 20250622074428.0 | ||
| 035 | _a(NLR Aleph) 006173422 | ||
| 090 |
_a5988998 _c5988998 |
||
| 100 | _a20041129d1981 |||y0rusy50 ca | ||
| 101 | 0 | _arus | |
| 102 | _aRU | ||
| 105 | _aa ||||||||| | ||
| 200 | 1 | _aСпастические явления при поражении спинного мозга | |
| 210 |
_aКиев _cЗдоров'я _d1981 |
||
| 215 |
_a82 с. _cил. _d20 |
||
| 225 | 1 |
_aБиблиотека практического врача _iНейрохирургия |
|
| 320 | _aБиблиогр.: с. 79-81 | ||
| 700 | 1 |
_aВирозуб _bИ.Д. _gИсаак Давидович |
|
| 701 | 1 |
_aЧипко _bС.С. _gСтанислав Степанович |
|
| 801 | 0 |
_aRU _bNLR _gpsbo |
|
| 801 | 1 |
_aRU _bELAR _2rusmarc |
|
| 852 |
_aNLR _j82-4/4677 |
||
| 942 | _cBOOK | ||
| 980 | _aNB | ||